Normal view
MARC view
- Mclachlan, N.W
Entry Personal Name
001 - CONTROL NUMBER
- control field: 39334
003 - CONTROL NUMBER IDENTIFIER
- control field: NUST
005 - DATE AND TIME OF LATEST TRANSACTION
- control field: 20210314131416.0
008 - FIXED-LENGTH DATA ELEMENTS
- fixed length control field: 210314|| aca||aabn | a|a d
040 ## - CATALOGING SOURCE
- Original cataloging agency: NUST
- Transcribing agency: NUST
100 ## - HEADING--PERSONAL NAME
- Personal name: Mclachlan, N.W
670 ## - SOURCE DATA FOUND
- Source citation: Work cat.: (NUST): Mclachlan, N.W, Modern operational calculus with applications in technical mathematics, 1948
